[Event "77 España ch 2012"]
[Site "Maspalomas ESP"]
[Date "2012.10.06"]
[Round "8.26"]
[White "Trujillo Alvarado, Ivan"]
[Black "Galvan Sarmiento, Jose Luis"]
[Result "1-0"]
[WhiteElo "2151"]
[BlackElo "1938"]
[PlyCount "125"]
[EventDate "2012.09.29"]
[EventType "swiss"]
[EventRounds "9"]
[EventCountry "ESP"]
[Source "lmi"]
[SourceDate "2012.09.29"]

1. Nf3 d5 2. d4 Nf6 3. g3 c6 4. Bg2 g6 5. O-O Bg7 6. Nbd2 O-O 7. c4 Bf5 8. Nh4
Be6 9. c5 Qc8 10. Re1 Rd8 11. e3 Bh3 12. Bh1 Nbd7 13. f4 b6 14. cxb6 axb6 15.
Bf3 Nf8 16. Nb3 Ne4 17. Re2 h6 18. Ng2 Nh7 19. Ne1 Nhf6 20. Rc2 Qe6 21. Nd3
Rdc8 22. Qe2 h5 23. a3 Ra7 24. Bd2 Nd6 25. Ne5 Rac7 26. Rac1 Nde4 27. Bb4 Bf5
28. Nd3 Nd6 29. Nd2 Nfe4 30. Nf1 Nb7 31. Be1 Ned6 32. Rc3 Ne4 33. Bxe4 Bxe4 34.
Nd2 Bf5 35. Ne5 f6 36. Nef3 Bg4 37. Qd3 Kf7 38. Nh4 Bf5 39. Nxf5 gxf5 40. Nf3
Nd6 41. Nh4 Ne4 42. R3c2 c5 43. Qe2 Rh8 44. dxc5 bxc5 45. Rd1 Qd7 46. b4 e6 47.
bxc5 Rxc5 48. Rxc5 Nxc5 49. Rc1 Bf8 50. Bb4 Ne4 51. Bxf8 Kxf8 52. Ng6+ Kg7 53.
Nxh8 Kxh8 54. Qxh5+ Kg7 55. Qe2 d4 56. Qd3 Qa7 57. exd4 e5 58. fxe5 fxe5 59. g4
Nf6 60. gxf5 exd4 61. Qg3+ Kf8 62. Rc8+ Ne8 63. Rxe8+ 1-0

[Event "77 España ch 2012"]
[Site "Maspalomas ESP"]
[Date "2012.10.06"]
[Round "8.27"]
[White "Ramirez Medina, Victor"]
[Black "Perez Aleman, Pedro Tomas"]
[Result "1-0"]
[WhiteElo "1875"]
[BlackElo "2110"]
[PlyCount "99"]
[EventDate "2012.09.29"]
[EventType "swiss"]
[EventRounds "9"]
[EventCountry "ESP"]
[Source "lmi"]
[SourceDate "2012.09.29"]

1. e4 e5 2. Nf3 Nc6 3. Bb5 a6 4. Ba4 Nf6 5. O-O b5 6. Bb3 Be7 7. Re1 d6 8. c3
O-O 9. h3 Rb8 10. d4 exd4 11. cxd4 d5 12. e5 Ne4 13. Nbd2 Bf5 14. Bc2 Bb4 15.
Re3 Bxd2 16. Bxd2 b4 17. Rc1 Na5 18. Bd3 Rb6 19. Be1 Qd7 20. Nh4 Be6 21. Qh5 f5
22. f3 Bf7 23. Qxf5 Be6 24. Qh5 Bf7 25. e6 Rxe6 26. Qf5 Bg6 27. Qg4 h5 28. Qxg6
Rxg6 29. Nxg6 Rb8 30. fxe4 Nc4 31. Bxc4 dxc4 32. Rxc4 Qf7 33. Ne5 Qf4 34. Bf2
Rf8 35. Nd3 Qf7 36. d5 a5 37. Rc5 a4 38. Rf3 Qg6 39. Rxf8+ Kxf8 40. Rc4 b3 41.
axb3 axb3 42. Rd4 Qa6 43. e5 Qa1+ 44. Kh2 Qf1 45. d6 c5 46. Rd5 c4 47. d7 cxd3
48. d8=Q+ Kf7 49. Qd7+ Kg6 50. Rd6+ 1-0

[Event "77 España ch 2012"]
[Site "Maspalomas ESP"]
[Date "2012.10.06"]
[Round "8.28"]
[White "Alvarez Pedrosa, Valeriano"]
[Black "Gonzalez Perez, Cristina"]
[Result "1/2-1/2"]
[WhiteElo "1947"]
[BlackElo "1802"]
[PlyCount "87"]
[EventDate "2012.09.29"]
[EventType "swiss"]
[EventRounds "9"]
[EventCountry "ESP"]
[Source "lmi"]
[SourceDate "2012.09.29"]

1. e4 d6 2. Nc3 Nf6 3. Nf3 g6 4. d4 Bg7 5. Bg5 O-O 6. Qd2 c6 7. Be2 Nbd7 8. O-O
e5 9. dxe5 dxe5 10. Rfe1 Qe7 11. Rad1 Nc5 12. Bf1 Bg4 13. Qe3 Ne6 14. Rd2 Bxf3
15. gxf3 Rad8 16. Red1 Rxd2 17. Rxd2 b6 18. a3 Rd8 19. Ne2 Nxg5 20. Qxg5 Rxd2
21. Qxd2 Nh5 22. Bh3 Bf8 23. Bg4 Qh4 24. Bxh5 Qxh5 25. Kg2 Qh4 26. Qd7 Qg5+ 27.
Kf1 Qh5 28. Kg2 Qg5+ 29. Kf1 Qf6 30. Kg2 h5 31. h3 a5 32. a4 Bc5 33. b3 Kg7 34.
Qd2 Qh4 35. Ng3 Qe7 36. Qc1 Ba3 37. Qd2 Qc5 38. Nxh5+ gxh5 39. Qg5+ Kf8 40.
Qd8+ Kg7 41. Qg5+ Kh7 42. Qxh5+ Kg8 43. Qg5+ Kf8 44. Qd8+ 1/2-1/2

[Event "77 España ch 2012"]
[Site "Maspalomas ESP"]
[Date "2012.10.06"]
[Round "8.29"]
[White "Rodriguez Mellado, Antonio"]
[Black "De Prado Rodriguez, Oscar Brun"]
[Result "1-0"]
[WhiteElo "1760"]
[BlackElo "2283"]
[PlyCount "63"]
[EventDate "2012.09.29"]
[EventType "swiss"]
[EventRounds "9"]
[EventCountry "ESP"]
[Source "lmi"]
[SourceDate "2012.09.29"]

1. e4 d5 2. e5 c5 3. d4 cxd4 4. Qxd4 Nc6 5. Bb5 Bf5 6. Nc3 e6 7. Qa4 Qc7 8. Nf3
Bc5 9. b4 Bb6 10. Bd3 Nge7 11. Nb5 Qd7 12. Nd6+ Kf8 13. Bb5 h6 14. O-O Kg8 15.
Nh4 Bh7 16. Rd1 Qc7 17. Bb2 g5 18. Nf3 Bg6 19. c4 dxc4 20. Nxc4 Kh7 21. Rd6 a6
22. Bxc6 Nxc6 23. Rad1 Rhd8 24. Qb3 Ba7 25. Qc3 Qe7 26. Ne3 Rac8 27. Qd2 Bb8
28. Ng4 Bf5 29. Nf6+ Kh8 30. Nxg5 hxg5 31. Qxg5 Bh7 32. Qh6 1-0

[Event "77 España ch 2012"]
[Site "Maspalomas ESP"]
[Date "2012.10.06"]
[Round "8.30"]
[White "Rodriguez Manzaneda, Irene"]
[Black "Navarro Molina, David"]
[Result "0-1"]
[WhiteElo "1709"]
[BlackElo "2122"]
[PlyCount "84"]
[EventDate "2012.09.29"]
[EventType "swiss"]
[EventRounds "9"]
[EventCountry "ESP"]
[Source "lmi"]
[SourceDate "2012.09.29"]

1. e4 c5 2. d3 Nc6 3. g3 g6 4. Bg2 Bg7 5. f4 e6 6. Nf3 Nge7 7. O-O O-O 8. c3 b6
9. Na3 Ba6 10. Re1 Rc8 11. Nc2 d6 12. Be3 Qd7 13. Bf2 e5 14. Ne3 exf4 15. gxf4
d5 16. Nf1 Rcd8 17. Bh4 dxe4 18. dxe4 Qc7 19. Qc1 Rd3 20. Ng3 Rfd8 21. Kf2 c4
22. Bf1 Bh6 23. Bg5 Bxg5 24. Nxg5 Rd2+ 25. Kf3 Rxh2 26. Bg2 Rh4 27. Ne2 h6 28.
Nh3 Rd3+ 29. Kf2 Rhxh3 30. Bxh3 Rxh3 31. Ng3 Rh4 32. Kf3 Qd7 33. Rh1 Qg4+ 34.
Kg2 Rxh1 35. Qxh1 Qxf4 36. Rf1 Qg5 37. Qg1 h5 38. Qf2 Ne5 39. Kh1 h4 40. Ne2
Bb7 41. Qd4 Nf5 42. Rg1 Nxd4 0-1

[Event "77 España ch 2012"]
[Site "Maspalomas ESP"]
[Date "2012.10.06"]
[Round "8.31"]
[White "Ruiz Delgado, Basilio"]
[Black "Morales Quintero, Jose Miguel"]
[Result "0-1"]
[WhiteElo "1718"]
[BlackElo "2012"]
[PlyCount "76"]
[EventDate "2012.09.29"]
[EventType "swiss"]
[EventRounds "9"]
[EventCountry "ESP"]
[Source "lmi"]
[SourceDate "2012.09.29"]

1. b3 d5 2. Bb2 Nf6 3. e3 c5 4. f4 Nc6 5. Bb5 Bg4 6. Nf3 e6 7. O-O Be7 8. d3
Bxf3 9. Qxf3 O-O 10. Bxc6 bxc6 11. Nd2 Qd7 12. e4 Ne8 13. f5 exf5 14. Qxf5 Qxf5
15. Rxf5 Rd8 16. Re1 Bf6 17. Ba3 Bd4+ 18. Kh1 Nd6 19. Rff1 Rfe8 20. exd5 cxd5
21. Nf3 Nb5 22. Nxd4 Nxa3 23. Nc6 Ra8 24. Ne7+ Kf8 25. Nxd5 Nxc2 26. Rxe8+ Rxe8
27. Kg1 Re5 28. Nc3 Ne1 29. Nb5 a6 30. d4 Re7 31. dxc5 axb5 32. c6 Ke8 33. a4
bxa4 34. bxa4 Kd8 35. a5 Kc7 36. a6 Kxc6 37. a7 Kb7 38. Kf2 Nd3+ 0-1

[Event "77 España ch 2012"]
[Site "Maspalomas ESP"]
[Date "2012.10.06"]
[Round "8.32"]
[White "Santana Montjoy, Javier"]
[Black "Cruz Pino, Adrian"]
[Result "0-1"]
[WhiteElo "1704"]
[BlackElo "2008"]
[PlyCount "106"]
[EventDate "2012.09.29"]
[EventType "swiss"]
[EventRounds "9"]
[EventCountry "ESP"]
[Source "lmi"]
[SourceDate "2012.09.29"]

1. d4 d5 2. c4 c6 3. Nc3 Nf6 4. Nf3 a6 5. Bg5 e6 6. e3 b5 7. c5 h6 8. Bxf6 gxf6
9. b4 Nd7 10. Bd3 e5 11. e4 f5 12. exd5 e4 13. dxc6 Nf6 14. O-O exd3 15. Qxd3
Be6 16. Rfe1 Be7 17. a4 O-O 18. axb5 axb5 19. Rxa8 Qxa8 20. Nxb5 Qxc6 21. Ne5
Qb7 22. Ng6 Re8 23. Nxe7+ Rxe7 24. Nd6 Qxb4 25. Rb1 Qa4 26. h3 f4 27. Rb8+ Kg7
28. d5 Nxd5 29. Nf5+ Bxf5 30. Qxd5 Qa1+ 31. Kh2 Qe5 32. Qd8 Kg6 33. Rb6+ Re6
34. c6 Rd6 35. Qg8+ Qg7 36. Qb8 Qd4 37. Qg8+ Kf6 38. Qh8+ Kg5 39. Qg8+ Rg6 40.
Qb8 Qxf2 41. Qd8+ Kh5 42. Qd5 Qg3+ 43. Kh1 Qe1+ 44. Kh2 Qe4 45. Qxe4 Bxe4 46.
Rb5+ f5 47. Rb2 Rxc6 48. Re2 Rc2 49. Rxc2 Bxc2 50. g3 fxg3+ 51. Kxg3 f4+ 52.
Kxf4 Kh4 53. Kf3 Kxh3 0-1

[Event "77 España ch 2012"]
[Site "Maspalomas ESP"]
[Date "2012.10.06"]
[Round "8.33"]
[White "Guerrero Ruiz, Jose Luis"]
[Black "Martin Hernandez, Ruben"]
[Result "0-1"]
[WhiteElo "1720"]
[BlackElo "2171"]
[PlyCount "74"]
[EventDate "2012.09.29"]
[EventType "swiss"]
[EventRounds "9"]
[EventCountry "ESP"]
[Source "lmi"]
[SourceDate "2012.09.29"]

1. Nf3 Nf6 2. d4 g6 3. Bf4 Bg7 4. e3 d6 5. h3 c5 6. c3 Nbd7 7. Be2 O-O 8. O-O
Rb8 9. Na3 a6 10. Nc4 b5 11. Nxd6 exd6 12. Bxd6 cxd4 13. Bxb8 Nxb8 14. exd4 Bb7
15. Ne5 Nd5 16. Bf3 Qd6 17. Qb3 Nd7 18. Rfe1 Bxe5 19. dxe5 Nxe5 20. Rxe5 Qxe5
21. c4 bxc4 22. Qxb7 Nf4 23. Rd1 Nd3 24. Bd5 Nxb2 25. Rf1 c3 26. f4 Qd4+ 27.
Kh2 Nd3 28. Qd7 Qe3 29. Rf3 Qc5 30. Rxd3 c2 31. Rd1 cxd1=Q 32. Bxf7+ Rxf7 33.
Qxd1 Qf5 34. g3 Rd7 35. Qb3+ Qd5 36. Qb8+ Rd8 37. Qc7 Qxa2+ 0-1

[Event "77 España ch 2012"]
[Site "Maspalomas ESP"]
[Date "2012.10.06"]
[Round "8.34"]
[White "Rossello Padron, Carlos"]
[Black "Monzon Aleman, Ayoze"]
[Result "0-1"]
[WhiteElo "1882"]
[BlackElo "1727"]
[PlyCount "116"]
[EventDate "2012.09.29"]
[EventType "swiss"]
[EventRounds "9"]
[EventCountry "ESP"]
[Source "lmi"]
[SourceDate "2012.09.29"]

1. b3 e5 2. Bb2 Nc6 3. e3 d5 4. Bb5 Bd6 5. f4 Qe7 6. Nf3 Bg4 7. fxe5 Bxe5 8.
Bxe5 Bxf3 9. Qxf3 Qxe5 10. O-O Nf6 11. Nc3 O-O 12. Bxc6 bxc6 13. Qf4 Rfe8 14.
Qxe5 Rxe5 15. Rf4 Ne4 16. Nxe4 dxe4 17. Raf1 f6 18. g4 Rd8 19. R1f2 Kf7 20. Kf1
Ke6 21. Ke2 c5 22. h4 a5 23. a4 Rb8 24. d4 exd3+ 25. Kxd3 Rb4 26. Rc4 Kd6 27.
e4 Rxc4 28. bxc4 h5 29. Rg2 g5 30. gxh5 gxh4 31. Rh2 Rxh5 32. Ke3 Ke5 33. c3 h3
34. Kf3 Rh4 35. Kf2 Kxe4 36. Kg3 Rh7 37. Kg4 f5+ 38. Kg3 f4+ 39. Kf2 f3 40. Rh1
h2 41. Re1+ Kd3 42. Rh1 Kxc3 43. Kxf3 Kxc4 44. Ke4 c6 45. Ke5 Kb4 46. Kd6 Rh6+
47. Kc7 Kxa4 48. Kb6 c4 49. Kc5 c3 50. Kc4 Rh4+ 51. Kxc3 Kb5 52. Kb3 Kc5 53.
Kc3 Kd5 54. Kd3 Rh3+ 55. Kd2 Kd4 56. Ke2 a4 57. Kd2 c5 58. Ke2 a3 0-1

[Event "77 España ch 2012"]
[Site "Maspalomas ESP"]
[Date "2012.10.06"]
[Round "8.35"]
[White "Gonzalez Armas, Dinia"]
[Black "Sanchez Montesdeoca, Isaac"]
[Result "0-1"]
[WhiteElo "1696"]
[BlackElo "1771"]
[PlyCount "156"]
[EventDate "2012.09.29"]
[EventType "swiss"]
[EventRounds "9"]
[EventCountry "ESP"]
[Source "lmi"]
[SourceDate "2012.09.29"]

1. e4 b6 2. d4 Bb7 3. Bd3 e6 4. Nf3 d5 5. e5 c5 6. c3 Nc6 7. Bg5 Qc7 8. Na3 a6
9. Nc2 h6 10. Bd2 c4 11. Be2 Nge7 12. Ne3 Ng6 13. Nf1 b5 14. Ng3 a5 15. Be3 Be7
16. Qd2 b4 17. Bd1 a4 18. O-O b3 19. axb3 axb3 20. Rxa8+ Bxa8 21. Be2 Qa5 22.
Qc1 Kd7 23. Qa1 Bb7 24. Qxa5 Nxa5 25. Ra1 Ra8 26. Bc1 Nc6 27. Rxa8 Bxa8 28. Nh5
Bf8 29. Kf1 Nb8 30. g3 Na6 31. Ne1 Nc7 32. Ng2 Bc6 33. f4 Ne7 34. g4 Kd8 35.
Ne3 Bd7 36. Kf2 Ne8 37. h3 Kc7 38. Bf3 Kd8 39. Ng3 f6 40. Nh5 fxe5 41. fxe5 Nc7
42. Ng2 Be8 43. Ng3 Bg6 44. Nf4 Bc2 45. Ng2 Ke8 46. Ne3 Bd3 47. Ng2 Kf7 48. Ke3
Ng6 49. Bd1 Be7 50. Kf2 Na6 51. Nh5 Nb8 52. Nhf4 Nxf4 53. Nxf4 Bh4+ 54. Kg2 Bb1
55. Bf3 Bg5 56. Kg3 Nd7 57. h4 Bxf4+ 58. Kxf4 Nf8 59. g5 hxg5+ 60. Kxg5 Bf5 61.
Bxd5 exd5 62. Kxf5 g6+ 63. Kg5 Ne6+ 64. Kh6 Ng7 65. Bf4 Nf5+ 66. Kg5 Ng7 67.
Kg4 Ke6 68. Bh6 Nh5 69. Bg5 Ng7 70. Bf6 Ne8 71. Bh8 Nc7 72. Bf6 Nb5 73. Bg5
Nxc3 74. Bc1 Ne2 75. Kg5 Nxc1 76. Kxg6 c3 77. h5 cxb2 78. h6 b1=B+ 0-1

[Event "77 España ch 2012"]
[Site "Maspalomas ESP"]
[Date "2012.10.06"]
[Round "8.36"]
[White "Garcia Caballero, Luis"]
[Black "Garceran Izquierdo, Ruben"]
[Result "1-0"]
[WhiteElo "2034"]
[BlackElo "1719"]
[PlyCount "51"]
[EventDate "2012.09.29"]
[EventType "swiss"]
[EventRounds "9"]
[EventCountry "ESP"]
[Source "lmi"]
[SourceDate "2012.09.29"]

1. e4 d5 2. exd5 Qxd5 3. Nc3 Qd8 4. d4 Nf6 5. Be2 Bf5 6. Nf3 e6 7. Nh4 Be7 8.
Nxf5 exf5 9. Bf4 c6 10. Bf3 Nd5 11. Nxd5 cxd5 12. Qd3 Nc6 13. c3 Qd7 14. h4
Qe6+ 15. Kd2 O-O-O 16. Rhe1 Qd7 17. g3 g6 18. Qb5 Rhe8 19. a4 f6 20. a5 a6 21.
Qd3 Bd6 22. Be3 Bc7 23. b4 f4 24. gxf4 Qh3 25. Qe2 Bxf4 26. Bg4+ 1-0

[Event "77 España ch 2012"]
[Site "Maspalomas ESP"]
[Date "2012.10.06"]
[Round "8.37"]
[White "Sosa Iglesias, Rayco"]
[Black "Perez Castellano, Susana"]
[Result "1/2-1/2"]
[WhiteElo "1640"]
[BlackElo "1876"]
[PlyCount "173"]
[EventDate "2012.09.29"]
[EventType "swiss"]
[EventRounds "9"]
[EventCountry "ESP"]
[Source "lmi"]
[SourceDate "2012.09.29"]

1. d4 Nf6 2. c4 c5 3. d5 b5 4. cxb5 a6 5. bxa6 Bxa6 6. Nc3 d6 7. g3 g6 8. Bg2
Bg7 9. Nf3 O-O 10. O-O Nbd7 11. Re1 Qb6 12. Rb1 Ng4 13. Qc2 Nge5 14. b3 Rfb8
15. Bd2 Nxf3+ 16. Bxf3 Ne5 17. Bg2 Bc8 18. h3 Bf5 19. e4 Bc8 20. f4 Nd7 21. Kh2
Qa7 22. a4 Ba6 23. Bf1 Bxf1 24. Rxf1 Qa6 25. Nb5 Rc8 26. Bc3 Bxc3 27. Nxc3 c4
28. b4 Qa7 29. Qf2 Qb7 30. Rb2 Qa6 31. a5 Rcb8 32. Ra1 Qc8 33. Qd4 f6 34. b5
Kf7 35. Rb4 Qd8 36. Rxc4 Rxa5 37. Rxa5 Qxa5 38. Ra4 Qc7 39. Ra7 Qc8 40. Ra4 Nc5
41. Rc4 Qc7 42. e5 Qa5 43. exf6 exf6 44. Ne4 Qa2+ 45. Kh1 Qb1+ 46. Kh2 Qxe4 47.
Qxe4 Nxe4 48. Rxe4 Rxb5 49. Rd4 f5 50. g4 Kf6 51. Kg3 h6 52. Kg2 Rb2+ 53. Kg3
g5 54. fxg5+ hxg5 55. gxf5 Kxf5 56. Rd1 Rb3+ 57. Kg2 Ke4 58. Rd2 Rc3 59. Rd1
Rc5 60. Kg3 Kf5 61. Rd3 Rc4 62. Rf3+ Kg6 63. Rd3 Re4 64. Kf3 Kf5 65. Kg3 Ke5
66. Rd2 Kf5 67. Rf2+ Kg6 68. Rd2 Kh5 69. Rd3 Re1 70. Rd4 Re3+ 71. Kg2 Rc3 72.
Kh2 Rc1 73. Kg2 Re1 74. Kf2 Re5 75. Kg3 Re8 76. Kf2 Rc8 77. Kg2 Rc3 78. Kh2 Kg6
79. Kg2 Kf5 80. Kh2 Rf3 81. Kg2 Rf4 82. Rd1 Ke5 83. Kg3 Re4 84. Rd3 Rd4 85.
Rxd4 Kxd4 86. Kg4 Kxd5 87. Kxg5 1/2-1/2

[Event "77 España ch 2012"]
[Site "Maspalomas ESP"]
[Date "2012.10.06"]
[Round "8.38"]
[White "Sanchez Ramirez, Gustavo"]
[Black "Buet, Samuel"]
[Result "1-0"]
[WhiteElo "1591"]
[BlackElo "1845"]
[PlyCount "38"]
[EventDate "2012.09.29"]
[EventType "swiss"]
[EventRounds "9"]
[EventCountry "ESP"]
[Source "lmi"]
[SourceDate "2012.09.29"]

1. f4 d5 2. d3 Bf5 3. Nf3 Nc6 4. Nbd2 Nf6 5. h3 h6 6. b3 e6 7. Bb2 d4 8. Nc4
Bb4+ 9. Kf2 g5 10. g4 Bxg4 11. hxg4 Nxg4+ 12. Kg3 f5 13. fxg5 Bd6+ 14. Kg2 Bf4
15. Bc1 Ne3+ 16. Nxe3 dxe3 17. Qe1 Nd4 18. Nxd4 Qxg5+ 19. Kh3 Qg4# 1-0

[Event "77 España ch 2012"]
[Site "Maspalomas ESP"]
[Date "2012.10.06"]
[Round "8.39"]
[White "Lopez Rivera, Jesus"]
[Black "Aleman Alamo, Nicolas"]
[Result "0-1"]
[WhiteElo "1839"]
[BlackElo "1549"]
[PlyCount "74"]
[EventDate "2012.09.29"]
[EventType "swiss"]
[EventRounds "9"]
[EventCountry "ESP"]
[Source "lmi"]
[SourceDate "2012.09.29"]

1. e4 e6 2. d4 d5 3. Nc3 Bb4 4. exd5 exd5 5. Bd3 Bxc3+ 6. bxc3 Nf6 7. Ba3 Be6
8. Qe2 Nc6 9. Rb1 Rb8 10. f4 Ne7 11. Nf3 Bg4 12. O-O Bxf3 13. Rxf3 Kd7 14. Re3
Re8 15. g4 g6 16. g5 Nf5 17. Bxf5+ gxf5 18. gxf6 Qxf6 19. Re1 Re4 20. Rxe4 fxe4
21. Qg4+ Qe6 22. Qxe6+ Kxe6 23. Kf2 Rg8 24. Rg1 e3+ 25. Kxe3 Rxg1 26. Kf3 Kf5
27. Bc5 b6 28. Be7 Rf1+ 29. Kg3 Rxf4 30. Bd8 c6 31. Bc7 Re4 32. Bb8 a6 33. Bc7
b5 34. Kf3 Re1 35. Bg3 Ra1 36. Ke2 Rxa2 37. Kd2 Ra1 0-1

[Event "77 España ch 2012"]
[Site "Maspalomas ESP"]
[Date "2012.10.06"]
[Round "8.40"]
[White "Bordon Sanchez, Jose Domingo"]
[Black "Cruz Ramirez, Nauzet"]
[Result "0-1"]
[WhiteElo "1473"]
[BlackElo "1760"]
[PlyCount "36"]
[EventDate "2012.09.29"]
[EventType "swiss"]
[EventRounds "9"]
[EventCountry "ESP"]
[Source "lmi"]
[SourceDate "2012.09.29"]

1. e4 c5 2. Nf3 e6 3. d4 cxd4 4. Nxd4 a6 5. a4 b6 6. Nc3 Bb7 7. Bc4 d6 8. O-O
Nf6 9. Re1 Nbd7 10. Bg5 Be7 11. f4 Qc7 12. b3 O-O 13. Kh1 Rfe8 14. Nf3 Nc5 15.
Bd3 Rac8 16. Re3 Ng4 17. Nd5 exd5 18. Re1 Nf2+ 0-1

[Event "77 España ch 2012"]
[Site "Maspalomas ESP"]
[Date "2012.10.06"]
[Round "8.41"]
[White "Diaz Perez, Jose Juan"]
[Black "Moreno Cameno, Juan Carlos"]
[Result "1/2-1/2"]
[WhiteElo "1730"]
[BlackElo "1686"]
[PlyCount "102"]
[EventDate "2012.09.29"]
[EventType "swiss"]
[EventRounds "9"]
[EventCountry "ESP"]
[Source "lmi"]
[SourceDate "2012.09.29"]

1. d4 Nf6 2. c4 g6 3. Nc3 d5 4. cxd5 Nxd5 5. e4 Nxc3 6. bxc3 Bg7 7. Nf3 O-O 8.
Qb3 c5 9. d5 Qc7 10. Rb1 b6 11. Bb2 Bg4 12. Nd2 Qf4 13. h3 Bc8 14. g3 Qc7 15.
Bg2 Kh8 16. c4 e5 17. O-O Nd7 18. f4 a5 19. a4 Re8 20. fxe5 Nxe5 21. Bxe5 Qxe5
22. Kh2 Qd4 23. Nf3 Qc3 24. Qxc3 Bxc3 25. Rb3 Bb4 26. e5 Ra7 27. Ng5 Kg7 28.
Re3 Bd2 29. Rff3 Bxe3 30. Rxe3 Bd7 31. Nxf7 Kxf7 32. e6+ Kg7 33. exd7 Rd8 34.
Re7+ Kh6 35. Re6 Rdxd7 36. Rxb6 Rdb7 37. Rc6 Rb4 38. Rxc5 Rxa4 39. d6 Ra2 40.
Rc7 Ra6 41. c5 Rd2 42. d7 a4 43. c6 a3 44. Rc8 a2 45. d8=Q Rxd8 46. Rxd8 a1=Q
47. c7 Qe1 48. c8=Q Ra1 49. h4 Ra3 50. Qb8 Ra4 51. Qb5 Rxh4+ 1/2-1/2

[Event "77 España ch 2012"]
[Site "Maspalomas ESP"]
[Date "2012.10.06"]
[Round "8.42"]
[White "Hernandez Diaz, Heriberto"]
[Black "Amador Garcia, Ismael"]
[Result "1-0"]
[WhiteElo "1713"]
[BlackElo "1427"]
[PlyCount "65"]
[EventDate "2012.09.29"]
[EventType "swiss"]
[EventRounds "9"]
[EventCountry "ESP"]
[Source "lmi"]
[SourceDate "2012.09.29"]

1. e4 c5 2. f4 d6 3. c4 Nc6 4. Nc3 Nf6 5. d3 Bg4 6. Be2 Bd7 7. Nf3 a6 8. O-O e6
9. Kh1 g6 10. Be3 Bg7 11. Qd2 Ng4 12. Bg1 O-O 13. Rab1 Nb4 14. h3 Nf6 15. e5
Nh5 16. Kh2 Bh6 17. Be3 dxe5 18. Nxe5 Rc8 19. Bxh5 gxh5 20. Qe2 b6 21. Ne4 Bc6
22. a3 Nxd3 23. Nxc6 Rxc6 24. Rbd1 Nxf4 25. Bxf4 Bxf4+ 26. Rxf4 Qc7 27. g3 Kh8
28. Qxh5 f5 29. Ng5 Qe7 30. Rh4 Rc7 31. Re1 Rf6 32. Nf3 Rf7 33. Ne5 1-0

[Event "77 España ch 2012"]
[Site "Maspalomas ESP"]
[Date "2012.10.06"]
[Round "8.43"]
[White "Suarez Ramirez, Jonay"]
[Black "Quiza Vazquez, Carolina"]
[Result "0-1"]
[WhiteElo "1523"]
[BlackElo "1655"]
[PlyCount "96"]
[EventDate "2012.09.29"]
[EventType "swiss"]
[EventRounds "9"]
[EventCountry "ESP"]
[Source "lmi"]
[SourceDate "2012.09.29"]

1. d4 Nf6 2. c4 e6 3. Nc3 d5 4. Bg5 Nbd7 5. Nf3 c6 6. e3 Qa5 7. a3 dxc4 8. Bxf6
Nxf6 9. Bxc4 Ne4 10. Rc1 Nxc3 11. bxc3 Bxa3 12. Rc2 Bd6 13. O-O O-O 14. Bd3 Re8
15. c4 Qh5 16. c5 Bc7 17. Rb2 e5 18. dxe5 Bxe5 19. Nxe5 Qxd1 20. Rxd1 Rxe5 21.
Ba6 g6 22. Bxb7 Bxb7 23. Rxb7 Rxc5 24. h3 a5 25. Rdd7 Rf5 26. Rdc7 Rd8 27. f3
Rd1+ 28. Kh2 Rd2 29. Kg3 Rg5+ 30. Kf4 Rf5+ 31. Kg3 h5 32. h4 Rc2 33. Ra7 Rcc5
34. e4 Rf6 35. Rc8+ Kg7 36. Rca8 Rd6 37. Rxa5 Rc2 38. Ra2 Rdd2 39. Rxc2 Rxc2
40. Rc8 c5 41. Rc6 c4 42. e5 c3 43. f4 Rc1 44. Kf2 Rc2+ 45. Kf3 Rc1 46. g3 c2
47. Kf2 Kf8 48. Rc3 Rh1 0-1

[Event "77 España ch 2012"]
[Site "Maspalomas ESP"]
[Date "2012.10.06"]
[Round "8.44"]
[White "Nicolas Fernandez, Juan Antoni"]
[Black "Ramirez Maillo, Juan Adonay"]
[Result "0-1"]
[WhiteElo "1417"]
[BlackElo "1645"]
[PlyCount "78"]
[EventDate "2012.09.29"]
[EventType "swiss"]
[EventRounds "9"]
[EventCountry "ESP"]
[Source "lmi"]
[SourceDate "2012.09.29"]

1. c4 c5 2. g3 Nc6 3. Nc3 g6 4. Bg2 Bg7 5. e3 e6 6. Nge2 Nge7 7. O-O O-O 8. d4
cxd4 9. Nxd4 a6 10. b3 Qc7 11. Bb2 Rb8 12. Qd2 b6 13. Rfd1 Rd8 14. Ne4 Bb7 15.
Nxc6 Bxc6 16. Bxg7 Kxg7 17. Qc3+ e5 18. Nd6 f6 19. e4 Nc8 20. Qd3 Nxd6 21. Qxd6
Qxd6 22. Rxd6 Kf7 23. Rad1 Ke7 24. f4 b5 25. c5 b4 26. fxe5 fxe5 27. Kf2 Rb5
28. Rc1 Rxc5 29. Rxc6 Rxc6 30. Re1 Rc2+ 31. Re2 Rxe2+ 32. Kxe2 Rc8 33. Kf3 Rc2
34. Bh3 Rxa2 35. Kg4 Rxh2 36. Bf1 a5 37. Bb5 Rb2 38. Ba4 Ra2 39. Kf3 Rxa4 0-1

[Event "77 España ch 2012"]
[Site "Maspalomas ESP"]
[Date "2012.10.06"]
[Round "8.45"]
[White "Biscarri Candalia, Oscar"]
[Black "Suarez Buceta, Melquiades"]
[Result "1-0"]
[WhiteElo "1531"]
[BlackElo "1425"]
[PlyCount "131"]
[EventDate "2012.09.29"]
[EventType "swiss"]
[EventRounds "9"]
[EventCountry "ESP"]
[Source "lmi"]
[SourceDate "2012.09.29"]

1. d4 d5 2. c4 e6 3. Nc3 Nf6 4. Bg5 Nbd7 5. e3 c6 6. cxd5 exd5 7. Bd3 Bb4 8.
Qc2 Qa5 9. Nge2 O-O 10. O-O Bd6 11. Ng3 Qc7 12. Rac1 a6 13. Nce2 h6 14. Bf4
Bxf4 15. Nxf4 Re8 16. h3 Nf8 17. a3 Ne6 18. Nxe6 fxe6 19. e4 dxe4 20. Nxe4 Nd5
21. Ng3 e5 22. Bc4 Be6 23. Qb3 Rad8 24. dxe5 Qf7 25. Ne4 Qg6 26. Nd6 Re7 27.
Bxd5 Bxd5 28. Qg3 Qxg3 29. fxg3 Rxe5 30. Nxb7 Rb8 31. Nc5 Rxb2 32. Rf2 Ree2 33.
Rcf1 Rxf2 34. Rxf2 Rxf2 35. Kxf2 Bc4 36. g4 Kf7 37. Ke3 Kf6 38. h4 Ke5 39. g3
Kd6 40. Ne4+ Kc7 41. Nd2 Be6 42. Kf4 c5 43. g5 h5 44. Ke5 Bc8 45. Nc4 g6 46.
Nd6 Bd7 47. Kd5 Kb6 48. Kc4 Be6+ 49. Kc3 Kc6 50. Ne4 Bf5 51. Nd2 Kb5 52. Nc4
Ka4 53. Kb2 Be6 54. Nd6 Ka5 55. Ne4 Kb6 56. Nc3 Kc6 57. a4 c4 58. a5 Kc5 59.
Ka3 Kd4 60. Kb4 Kd3 61. Na4 Bc8 62. Nc5+ Ke3 63. Kxc4 Kf3 64. Nd3 Be6+ 65. Kd4
Bf7 66. Ne5+ 1-0

[Event "77 España ch 2012"]
[Site "Maspalomas ESP"]
[Date "2012.10.06"]
[Round "8.46"]
[White "Suarez Fleitas, Alberto"]
[Black "Rodriguez Garcia, Antonio Jose"]
[Result "1-0"]
[WhiteElo "1426"]
[BlackElo "2087"]
[PlyCount "73"]
[EventDate "2012.09.29"]
[EventType "swiss"]
[EventRounds "9"]
[EventCountry "ESP"]
[Source "lmi"]
[SourceDate "2012.09.29"]

1. e4 e5 2. Nf3 Nc6 3. d4 exd4 4. Nxd4 Nf6 5. Nxc6 bxc6 6. Bd3 d5 7. exd5 cxd5
8. O-O Be7 9. Bf4 O-O 10. Nd2 Rb8 11. Rb1 Rb4 12. Bg3 Bg4 13. f3 Be6 14. c3 Rb6
15. Qa4 Nd7 16. Rfe1 Nc5 17. Qc2 Nxd3 18. Qxd3 Qc8 19. Qe2 Bc5+ 20. Kh1 Bf5 21.
Nb3 Bxb1 22. Rxb1 Bd6 23. Bf2 Qa6 24. Qxa6 Rxa6 25. Nc1 Re8 26. Kg1 Bf4 27. Nd3
Be3 28. a3 Rae6 29. Re1 Bxf2+ 30. Kxf2 Rxe1 31. Nxe1 c5 32. b4 cxb4 33. cxb4 d4
34. b5 Re3 35. Nc2 Rd3 36. Ke2 Rxa3 37. Nxa3 1-0

[Event "77 España ch 2012"]
[Site "Maspalomas ESP"]
[Date "2012.10.06"]
[Round "8.47"]
[White "Rodriguez Rodriguez, Eduardo"]
[Black "Diaz Sanchez, Jose Francisco"]
[Result "0-1"]
[WhiteElo "1401"]
[BlackElo "1868"]
[PlyCount "54"]
[EventDate "2012.09.29"]
[EventType "swiss"]
[EventRounds "9"]
[EventCountry "ESP"]
[Source "lmi"]
[SourceDate "2012.09.29"]

1. e4 c5 2. Bc4 Nc6 3. c3 Ne5 4. Qb3 Nxc4 5. Qxc4 d6 6. d3 g6 7. Nf3 Bg7 8. Qb3
Nf6 9. Be3 O-O 10. Qd1 Qb6 11. b4 Qc7 12. bxc5 dxc5 13. Nbd2 Ng4 14. Qc2 Nxe3
15. fxe3 Bg4 16. Kf2 Rad8 17. h3 Be6 18. g4 Qa5 19. Rab1 Qxc3 20. Qxc3 Bxc3 21.
Rxb7 Rxd3 22. Ke2 Rfd8 23. Rd1 Bxa2 24. Rxe7 a5 25. Re8+ Kg7 26. Rxd8 Rxd8 27.
Nb1 Bc4+ 0-1